000 00319nam a2200133Ia 4500
003 OSt
005 20240215142402.0
008 170524s9999 xx 000 0 und d
020 _a8189757571
040 _cIIMT UNIVERSITY MEERUT
100 _aARORA- LALIT
245 0 _aOBJECT ORIENTED SYSTEM WITH JAVA
942 _2ddc
_c02
999 _c4492
_d4492